Colonel olcoth his series to Buddhism (Record no. 195715)

MARC details
000 -LEADER
fixed length control field 00733nam a2200253Ia 4500
003 - CONTROL NUMBER IDENTIFIER
control field OSt
005 - DATE AND TIME OF LATEST TRANSACTION
control field 20220918192656.0
008 - FIXED-LENGTH DATA ELEMENTS--GENERAL INFORMATION
fixed length control field 220917b |||||||| |||| 00| 0 eng d
037 ## - SOURCE OF ACQUISITION
Terms of availability Textual
040 ## - CATALOGING SOURCE
Original cataloging agency ARTS
Transcribing agency ARTS
Language of cataloging eng
041 ## - LANGUAGE CODE
Source of code eng
Language code of text/sound track or separate title eng
100 ## - MAIN ENTRY--PERSONAL NAME
Personal name Kirthisinghe B P
9 (RLIN) 79770
245 #0 - TITLE STATEMENT
Title Colonel olcoth his series to Buddhism
260 ## - PUBLICATION, DISTRIBUTION, ETC.
Place of publication, distribution, etc. Kandy
Name of publisher, distributor, etc. Buddhist Pub Society
Date of publication, distribution, etc. 1981
490 ## - SERIES STATEMENT
Series statement Wheel series; 15. Buddhist publication society
650 ## - SUBJECT ADDED ENTRY--TOPICAL TERM
Topical term or geographic name entry element RELIGION
700 ## - ADDED ENTRY--PERSONAL NAME
Personal name Amarasuriya M P
9 (RLIN) 79771
942 ## - ADDED ENTRY ELEMENTS (KOHA)
Classification part Q4y7M32, M1
Koha item type Textual
Source of classification or shelving scheme Colon Classification (CC)
Holdings
Withdrawn status Lost status Damaged status Not for loan Home library Current library Date acquired Total Checkouts Full call number Barcode Date last seen Price effective from Koha item type
        Arts Library Arts Library 2022-09-18   Q4y7M32 M1 AL0466523 2022-09-18 2022-09-18 Textual
Copyright @ Delhi University Library System